[Event "LiSB-ch"]
[Site "Sittard"]
[Date "2003.11.29"]
[Round "2"]
[White "Simenon, Jozef"]
[Black "Bischoff, Gerard"]
[Result "1-0"]
[WhiteElo "1983"]
[BlackElo "1976"]
[PlyCount "105"]
[EventDate "2003.11.29"]
[EventType "tourn"]
[EventRounds "7"]
[EventCountry "NED"]
[SourceTitle "EXT 2009"]
[Source "ChessBase"]
[SourceDate "2008.11.26"]
[SourceVersion "1"]
[SourceVersionDate "2008.11.26"]
[SourceQuality "1"]

1. c4 e5 2. Nc3 f5 3. Nf3 Nc6 4. d4 e4 5. Ng5 Be7 6. Nh3 Nf6 7. e3 0-0 8. Be2 Kh8 9. Nf4 Bb4 10. Bd2 Bxc3 11. Bxc3 d6 12. h4 Ne7 13. d5 Neg8 14. Qd2 Nh6 15. Nh5 Nxh5 16. Bxh5 Qe7 17. 0-0-0 Bd7 18. f3 Be8 19. Bxe8 Raxe8 20. Rde1 b6 21. Qd4 Qe5 22. Qxe5 dxe5 23. fxe4 fxe4 24. Rhf1 Ng4 25. Kd2 h5 26. Bb4 Rf6 27. Rxf6 gxf6 28. Rf1 Kg7 29. Bc3 Kg6 30. b4 Rd8 31. Ke2 Nh6 32. Rd1 Nf5 33. Be1 a6 34. a4 Kf7 35. Bf2 Ne7 36. Be1 c6 37. d6 Nf5 38. c5 bxc5 39. bxc5 Rb8 40. d7 Rd8 41. Ba5 Ke7 42. Bxd8+ Kxd8 43. Kf2 Nh6 44. Rd6 Ng4+ 45. Ke2 f5 46. g3 a5 47. Kd2 Nf2 48. Rxc6 Kxd7 49. Rf6 f4 50. gxf4 exf4 51. Rxf4 Nd3 52. Rxe4 Nxc5 53. Re5 1-0

[Event "LiSB-ch"]
[Site "Stein"]
[Date "2002.12.01"]
[Round "3"]
[White "Bischoff, Gerard"]
[Black "Scheeren, Fred"]
[Result "1-0"]
[WhiteElo "1895"]
[BlackElo "1941"]
[PlyCount "120"]
[EventDate "2002.11.30"]
[EventType "swiss"]
[EventRounds "7"]
[EventCountry "NED"]
[SourceTitle "EXT 2013"]
[Source "ChessBase"]
[SourceDate "2012.11.22"]
[SourceVersion "1"]
[SourceVersionDate "2012.11.22"]
[SourceQuality "1"]

1. d4 d5 2. c4 e6 3. Nf3 Nf6 4. Bg5 Be7 5. Nc3 0-0 6. e3 Ne4 7. Nxe4 dxe4 8. Bxe7 Qxe7 9. Nd2 e5 10. dxe5 Qxe5 11. Qc2 Bf5 12. Be2 Nc6 13. a3 Rfe8 14. c5 a6 15. Bc4 Be6 16. Bxe6 Qxe6 17. Qc4 Rad8 18. Qxe6 Rxe6 19. Rd1 f5 20. Ke2 Re5 21. b4 Red5 22. Nb1 Kf7 23. Nc3 Rd3 24. Rxd3 Rxd3 25. Rc1 Ne5 26. f3 Ke7 27. fxe4 fxe4 28. h3 Nc4 29. Nd5+ Rxd5 30. Rxc4 Re5 31. Rd4 Re6 32. Kd2 h5 33. Kc3 b6 34. cxb6 cxb6 35. g4 hxg4 36. hxg4 Re5 37. Rc4 Kd6 38. Rd4+ Kc6 39. a4 g6 40. Kc4 b5+ 41. axb5+ axb5+ 42. Kc3 Re8 43. Kd2 Re7 44. Ke2 Re8 45. Kf2 Rf8+ 46. Kg2 Re8 47. Kg3 g5 48. Kf2 Re7 49. Ke2 Re6 50. Rd8 Re5 51. Rd4 Re7 52. Kd2 Re6 53. Kc3 Re8 54. Kb3 Re5 55. Kc2 Re6 56. Rd8 Rd6 57. Re8 Kd5 58. Rg8 Kc4 59. Re8 Kxb4 60. Rxe4+ Ka3 1-0

[Event "LiSB-ch"]
[Site "Stein"]
[Date "2002.11.30"]
[Round "1"]
[White "Bischoff, Gerard"]
[Black "Lafleur, John"]
[Result "1/2-1/2"]
[WhiteElo "1895"]
[BlackElo "1770"]
[PlyCount "31"]
[EventDate "2002.11.30"]
[EventType "swiss"]
[EventRounds "7"]
[EventCountry "NED"]
[SourceTitle "EXT 2013"]
[Source "ChessBase"]
[SourceDate "2012.11.22"]
[SourceVersion "1"]
[SourceVersionDate "2012.11.22"]
[SourceQuality "1"]

1. d4 d5 2. c4 c6 3. Nf3 Nf6 4. cxd5 cxd5 5. Nc3 e6 6. e3 Nc6 7. Bd3 Bd6 8. 0-0 0-0 9. Bd2 e5 10. dxe5 Nxe5 11. Nxe5 Bxe5 12. h3 d4 13. exd4 Qxd4 14. Be3 Qh4 15. Qf3 g5 16. Ne4 1/2-1/2